City of stately elms fredericton

Bewaard in:
Bibliografische gegevens
Hoofdauteur: Leah Sarich
Formaat: Boek
Taal:Undetermined
Gepubliceerd in: Canada Weigl 2002
Onderwerpen:
Tags: Voeg label toe
Geen labels, Wees de eerste die dit record labelt!
Thư viện lưu trữ: Trung tâm Học liệu Trường Đại học Cần Thơ
LEADER 00446nam a2200169Ia 4500
001 CTU_55975
008 210402s9999 xx 000 0 und d
082 |a 971.5515 
082 |b S244 
100 |a Leah Sarich 
245 0 |a City of stately elms fredericton 
245 0 |c Leah Sarich 
260 |a Canada 
260 |b Weigl 
260 |c 2002 
650 |a Atlantic provinces - History 
980 |a Trung tâm Học liệu Trường Đại học Cần Thơ